Suburbs in the A6 Highway (Sydney) - Statistics

General Stats
  • This quiz has been taken 48 times
  • The average score is 14 of 23
Answer Stats
Main Road Suburb % Correct
Heathcote
92%
Silverwater
89%
Olympic Drive/Joseph Street Lidcombe
82%
Bankstown
79%
St. Hilliers Road Auburn
76%
Engadine
76%
Lucas Heights
71%
Dundas
68%
Menai
68%
Silverwater Road Ermington
66%
Davies Road Padstow
66%
Marsden Road Carlingford
63%
Alfords Point Road Alfords Point
61%
Rookwood Road Chullora
53%
Eastwood
53%
Rydalmere
53%
Yagoona
53%
Marsden Road/Stewart Street Dundas Valley
50%
Stacey Street Greenacre
50%
Joseph Street Regents Park
50%
New Illawarra Road Barden Ridge
45%
Padstow Heights
45%
Heathcote Road Holsworthy
39%
No matching quizzes found
Score Distribution
Percent of People with Each Score
Percentile by Number Answered
Your Score History
You have not taken this quiz